Historical studies /

محفوظ في:

مؤلف مشترك: British School of Archaeology in Egypt

مؤلفون آخرون: Petrie, W. M. Flinders 1853-1942

التنسيق: كتاب

اللغة: English

منشور في: London : School of Archaeology in Egypt, 1911.

سلاسل: Egyptian Research Account ; 19.
ERA ; 19.

الموضوعات:

الوسوم: إضافة وسم

لا توجد وسوم, كن أول من يضع وسما على هذه التسجيلة!

رقم الطلب: ( F )DT57 .E5 v.19

LEADER 01325nam a2200361I 4500
001 4931
003 OSt
005 20200611083735.0
008 130303s1911 enkfa g 000 0 eng d
952 |0 0  |1 0  |2 lcc  |3 V.19  |4 0  |7 1  |9 2894  |a ARCE  |b ARCE  |d 2020-06-11  |l 0  |o ( F )DT57 .E5 v.19  |p 1016957  |r 2020-06-11 00:00:00  |w 2020-06-11  |y BK 
999 |c 5323  |d 5323 
010 |a 11032821 
035 |a ocm01132974 
040 |c ARCE Library 
043 |a f-ua--- 
050 0 4 |a ( F )DT57 .E5 v.19 
110 2 |a British School of Archaeology in Egypt, 
245 1 0 |a Historical studies /  |c by E.B. Knobel, W.W. Midgley, J.G. Milne, M.A. Murray, and W.M.F. Petrie  
264 1 |a London :  |b School of Archaeology in Egypt,  |c 1911. 
300 |a vii, 50 pages xxv plats :  |b illustrations ;  |c 32 cm. 
336 |a text  |b txt  |2 rdacontent 
337 |a unmediated  |b n  |2 rdamedia 
338 |a volume  |b nc  |2 rdacarrier 
490 1 |a Egyptian Research Account ;   |v 19. 
490 1 |a ERA ;   |v 19. 
500 |a Leaf inserted between pages 20 and 21, "A seasonal date of the Hyksos period" 
651 0 |a Egypt  |x Antiquities. 
700 1 |a Petrie, W. M. Flinders  |q (William Matthew Flinders),  |d 1853-1942, 
830 0 |a Egyptian Research Account ;   |v 19. 
830 0 |a ERA ;   |v 19. 
901 |a reviewed 
907 |a .b24262195  |b 02-04-08  |c 01-30-08 
942 |c BK  |2 lcc